000 00597nam a2200253Ia 4500
003 OSt
005 20220912152526.0
006 a|||||r|||| 00| 0
007 ta
008 220909b |||||||| |||| 00| 0 eng d
024 _a43675
037 _cTextual
040 _aCSL
_beng
_cCSL
041 _aeng
082 _aE198:34, L0;1
100 _aRuch W E
245 0 _aQuantitative analysis of gases pallutants
260 _c1970
300 _ap.
_ccm.
650 _a Gas
650 _aChemistry
942 _hE198:34, L0;1
_cTEXL
_2CC
999 _c87769
_d87769